[Event "Bayern-chI Bank Hofmann 26th"]
[Site "Tegernsee"]
[Date "2023.10.30"]
[Round "3"]
[White "Morawietz, Dieter"]
[Black "Schmidt, Gerhard"]
[Result "1-0"]
[WhiteElo "2378"]
[BlackElo "2038"]
[PlyCount "80"]
[EventDate "2023.10.28"]
[EventType "swiss"]
[EventRounds "9"]
[EventCountry "GER"]
[SourceTitle "Mega2024 Update 01"]
[Source "Chessbase"]
[SourceDate "2023.11.12"]
[SourceVersion "1"]
[SourceVersionDate "2023.11.12"]
[SourceQuality "1"]

1. d4 Nf6 2. c4 g6 3. Nc3 Bg7 4. e4 d6 5. Nf3 0-0 6. Be2 e5 7. 0-0 Nc6 8. d5 Ne7 9. b4 a5 10. bxa5 c5 11. a4 Rxa5 12. Bd2 Ra6 13. Ra3 Ne8 14. Kh1 Kh8 15. Ne1 f5 16. Nd3 Nf6 17. exf5 Nxf5 18. f3 Nd4 19. Nf2 Nh5 20. Bd3 Nf4 21. Bb1 Qd7 22. Nfe4 Nxg2 23. Kxg2 Qh3+ 24. Kh1 Nxf3 25. Qe2 Bg4 26. Qg2 Raa8 27. Nb5 Qh4 28. Raxf3 Bxf3 29. Rxf3 Rxf3 30. Qxf3 Rf8 31. Qg2 Bh6 32. Bd3 Bxd2 33. Qxd2 Qh3 34. Qe2 Qh6 35. Nbxd6 Qc1+ 36. Kg2 Rf4 37. Ng3 e4 38. Ndxe4 h5 39. Ng5 h4 40. Qe5+ Kg8 1-0

[Event "Mittelfranken Landesliga Sued 2122"]
[Site "Mittelfranken"]
[Date "2021.11.14"]
[Round "2.4"]
[White "Schmidbauer, Daniel"]
[Black "Schmidt, Gerhard"]
[Result "0-1"]
[WhiteElo "2150"]
[BlackElo "2054"]
[PlyCount "62"]
[EventDate "2021.10.24"]
[EventType "team-tourn"]
[EventRounds "9"]
[EventCountry "GER"]
[SourceTitle "EXT 2024"]
[Source "ChessBase"]
[SourceDate "2023.10.10"]
[SourceVersion "1"]
[SourceVersionDate "2023.10.10"]
[SourceQuality "1"]
[WhiteTeam "Muenchen Zugzwang II"]
[BlackTeam "Unterhaching"]
[WhiteTeamCountry "GER"]
[BlackTeamCountry "GER"]

1. Nf3 d5 2. c4 e6 3. b3 Nf6 4. Bb2 Be7 5. g3 b6 6. Bg2 0-0 7. 0-0 Bb7 8. e3 c5 9. Qe2 Nc6 10. Rd1 Rc8 11. d4 cxd4 12. exd4 Qc7 13. Nbd2 Rfd8 14. Rac1 Ba6 15. Bh3 Bf8 16. Qe3 Re8 17. Ne5 dxc4 18. Nxc6 Qxc6 19. bxc4 Bb7 20. f3 Rcd8 21. Bg2 e5 22. Ne4 Nxe4 23. fxe4 exd4 24. Bxd4 f5 25. Kh1 fxe4 26. Qb3 Kh8 27. Bb2 Qc7 28. Qc3 Rxd1+ 29. Rxd1 e3 30. Bd5 Bxd5+ 31. cxd5 Qf7 0-1

[Event "Bayern-chI Bank Hofmann 22nd"]
[Site "Tegernsee"]
[Date "2018.11.02"]
[Round "7"]
[White "Heimrath, Reiner"]
[Black "Schmidt, Gerhard"]
[Result "1-0"]
[WhiteElo "2262"]
[BlackElo "2068"]
[PlyCount "73"]
[EventDate "2018.10.27"]
[EventType "swiss"]
[EventRounds "9"]
[EventCountry "GER"]
[SourceTitle "CBM 187 Extra"]
[Source "ChessBase"]
[SourceDate "2018.11.04"]
[SourceVersion "1"]
[SourceVersionDate "2018.11.04"]
[SourceQuality "1"]

1. e4 c5 2. Nc3 d6 3. d3 Nc6 4. Be3 Nf6 5. h3 e5 6. f4 Be7 7. g4 exf4 8. Bxf4 h6 9. Qd2 Be6 10. Bg2 Nd4 11. Nge2 Nxe2 12. Nxe2 Nd7 13. Bg3 Bg5 14. Nf4 Bh4 15. Qf2 Bxg3 16. Qxg3 Qb6 17. 0-0 0-0-0 18. c3 g5 19. Nd5 Bxd5 20. exd5 Ne5 21. Rad1 c4+ 22. d4 Nd3 23. Rxf7 Qxb2 24. Bf1 Rhf8 25. Rf5 Rxf5 26. gxf5 Qxc3 27. Qe3 Qc2 28. Rd2 Qb1 29. f6 Nf4 30. Rf2 Qg6 31. Qe7 Rd7 32. Qf8+ Kc7 33. Rb2 Rd8 34. Qe7+ Rd7 35. Rxb7+ Kxb7 36. Qxd7+ Kb8 37. f7 1-0

[Event "GER-chT Seniors 25th"]
[Site "Magdeburg"]
[Date "2016.10.15"]
[Round "7.3"]
[White "Schmidt, Gerhard"]
[Black "Herbrechtsmeier, Christof"]
[Result "1/2-1/2"]
[WhiteElo "2214"]
[BlackElo "2249"]
[PlyCount "42"]
[EventDate "2016.10.09"]
[EventType "team-swiss"]
[EventRounds "7"]
[EventCountry "GER"]
[SourceTitle "EXT 2019"]
[Source "ChessBase"]
[SourceDate "2018.10.10"]
[SourceVersion "1"]
[SourceVersionDate "2018.10.10"]
[SourceQuality "1"]
[WhiteTeam "Bayern"]
[BlackTeam "Baden"]
[WhiteTeamCountry "GER"]
[BlackTeamCountry "GER"]

1. d4 Nf6 2. c4 g6 3. Nf3 Bg7 4. Nc3 d5 5. Bg5 Ne4 6. cxd5 Nxg5 7. Nxg5 e6 8. Qd2 h6 9. Nf3 exd5 10. e3 c6 11. Be2 0-0 12. 0-0 Qe7 13. Rfc1 Be6 14. Rab1 a5 15. Na4 Nd7 16. Nc5 Bf5 17. Bd3 Nxc5 18. Rxc5 Bxd3 19. Qxd3 Qc7 20. Rbc1 Qb6 21. R5c2 Rfe8 1/2-1/2

[Event "GER-chT Seniors 24th"]
[Site "Berlin"]
[Date "2015.09.06"]
[Round "1.1"]
[White "Schmidt, Gerhard"]
[Black "Krueger, Horst"]
[Result "1/2-1/2"]
[WhiteElo "2207"]
[BlackElo "2119"]
[PlyCount "80"]
[EventDate "2015.09.06"]
[EventType "team-swiss"]
[EventRounds "7"]
[EventCountry "GER"]
[SourceTitle "EXT 2018"]
[Source "ChessBase"]
[SourceDate "2017.10.13"]
[SourceVersion "1"]
[SourceVersionDate "2017.10.13"]
[SourceQuality "1"]
[WhiteTeam "Bayern Seniors"]
[BlackTeam "Mecklenburg Vorpommern Seniors II"]
[WhiteTeamCountry "GER"]
[BlackTeamCountry "GER"]

1. d4 d5 2. c4 c6 3. e3 Nf6 4. Bd3 e6 5. Nf3 Bd6 6. 0-0 Nbd7 7. Nbd2 0-0 8. e4 e5 9. exd5 cxd5 10. dxe5 Nxe5 11. Nxe5 Bxe5 12. Nf3 dxc4 13. Bxc4 Qc7 14. Nxe5 Qxe5 15. Qe2 Qxe2 16. Bxe2 Be6 17. Bg5 Rac8 18. Bd3 Rfd8 19. Rfd1 h6 20. Bxf6 gxf6 21. f3 Rd7 22. Kf2 Rcd8 23. Ke2 f5 24. f4 Rd4 25. g3 Kf8 26. b3 Bd5 27. Bc2 Be4 28. Rxd4 Rxd4 29. Rd1 Rxd1 30. Bxd1 Ke7 31. Ke3 Kd6 32. Kd4 f6 33. a3 b6 34. b4 Bd5 35. Ba4 Be4 36. Bb5 Bd5 37. Be8 Be6 38. Bh5 Bd5 39. Be2 Be6 40. Ba6 Bd7 1/2-1/2

[Event "GER-chT Betriebe 14th"]
[Site "Dresden"]
[Date "2014.11.20"]
[Round "1.2"]
[White "Laijh, Anton"]
[Black "Schmidt, Gerhard"]
[Result "1/2-1/2"]
[WhiteElo "1530"]
[BlackElo "2116"]
[PlyCount "57"]
[EventDate "2014.11.20"]
[EventType "team-swiss"]
[EventRounds "7"]
[EventCountry "GER"]
[SourceTitle "EXT 2020"]
[Source "ChessBase"]
[SourceDate "2019.10.17"]
[SourceVersion "1"]
[SourceVersionDate "2019.10.17"]
[SourceQuality "1"]
[WhiteTeam "Muenchen ADAC II"]
[BlackTeam "Altenberg Europark"]
[WhiteTeamCountry "GER"]
[BlackTeamCountry "GER"]

1. e4 c5 2. Bc4 e6 3. Nf3 Nc6 4. a3 g6 5. 0-0 Bg7 6. Nc3 Nge7 7. Nb5 d5 8. exd5 exd5 9. Ba2 0-0 10. Nc3 Bg4 11. h3 Bxf3 12. Qxf3 Nd4 13. Qd1 b5 14. Ne2 Ndc6 15. c3 a6 16. Re1 Qd7 17. Nf4 Rfe8 18. Qf3 Ne5 19. Qd1 Rad8 20. d4 cxd4 21. cxd4 N5c6 22. Be3 Qa7 23. Qd3 Bxd4 24. Bxd4 Qxd4 25. Qxd4 Nxd4 26. Rad1 Ndf5 27. Nxd5 Nxd5 28. Rxe8+ Rxe8 29. Bxd5 1/2-1/2

[Event "Sachsen-ch Seniors"]
[Site "Dresden"]
[Date "2007.08.??"]
[Round "1"]
[White "Mellenthin, Horst"]
[Black "Schmidt, Gerhard"]
[Result "0-1"]
[WhiteElo "1955"]
[BlackElo "2256"]
[PlyCount "64"]
[EventDate "2007.07.28"]
[EventType "swiss"]
[EventRounds "9"]
[EventCountry "GER"]
[SourceTitle "EXT 2008"]
[Source "ChessBase"]
[SourceDate "2007.11.25"]
[SourceVersion "1"]
[SourceVersionDate "2007.11.25"]
[SourceQuality "1"]

1. e4 c5 2. Nf3 d6 3. d4 cxd4 4. Nxd4 Nf6 5. Nc3 a6 6. Bg5 Nc6 7. Nxc6 bxc6 8. Bxf6 gxf6 9. Bc4 Bg7 10. Qh5 0-0 11. 0-0 Rb8 12. Rab1 Rb4 13. Bb3 Be6 14. a3 Rb8 15. Bxe6 fxe6 16. Qe2 Qc8 17. Na4 f5 18. exf5 Rxf5 19. Rfd1 Kh8 20. Nc3 d5 21. Rd3 e5 22. Rf3 Rxf3 23. Qxf3 e4 24. Qg3 e3 25. Ne2 exf2+ 26. Kxf2 Qf5+ 27. Ke1 Rf8 28. Kd2 Qe4 29. Qe3 Qxg2 30. Qxe7 Qxh2 31. Rg1 Qh6+ 32. Kd3 Rf3+ 0-1